[Event "SERBIA CHESS OPEN 2021 – MASTERS"]
[Site "Belgrade, Hotel Metropol"]
[Date "2021.07.06"]
[Round "6.51"]
[White "Eric, Jovana"]
[Black "Milanovic, Danilo"]
[Result "0-1"]
[WhiteElo "2250"]
[BlackElo "2416"]
[PlyCount "194"]
[EventDate "2021.??.??"]

1. e4 d5 2. exd5 Qxd5 3. Nc3 Qd8 4. d4 Nf6 5. Bc4 c6 6. Nf3 b5 7. Bd3 Bg4 8.
O-O e6 9. h3 Bh5 10. Ne4 Be7 11. a4 b4 12. c3 Nbd7 13. Bd2 bxc3 14. bxc3 O-O
15. Qe2 c5 16. Ng3 Bg6 17. Bxg6 hxg6 18. Rfb1 Qc7 19. Ne4 Rab8 20. Neg5 Qc6 21.
a5 cxd4 22. Nxd4 Qd5 23. Rb5 Rxb5 24. Qxb5 Bc5 25. Be3 Bxd4 26. Qxd5 Nxd5 27.
Bxd4 a6 28. c4 N5f6 29. Rd1 Nb8 30. Bb6 Rc8 31. Rd6 Kf8 32. Rd4 Ke7 33. Nf3
Nfd7 34. c5 Nxc5 35. Rb4 Nbd7 36. Nd4 e5 37. Nf3 f6 38. Kf1 g5 39. Ke2 Ke6 40.
Nd2 Nb7 41. Nc4 Nd6 42. Nxd6 Kxd6 43. Be3 Rc2+ 44. Bd2 Kc6 45. Ke3 f5 46. h4 g4
47. g3 Rc5 48. Rb2 Rb5 49. Rc2+ Nc5 50. Bc3 Kd5 51. Rd2+ Ke6 52. Rc2 g6 53. Be1
Ke7 54. Bc3 Kd6 55. Rd2+ Ke6 56. Rc2 Nb7 57. Ra2 Rb3 58. Kd3 Kd5 59. Kc2 Rb5
60. Ra1 Nd6 61. Rd1+ Ke6 62. Be1 Nb7 63. Bc3 Nd6 64. Be1 Rd5 65. Rb1 Nb5 66.
Rb2 f4 67. Bd2 Kf5 68. gxf4 exf4 69. Rb4 Rd4 70. Rb2 g3 71. fxg3 fxg3 72. Be3
Rxh4 73. Kd3 Ra4 74. Bb6 Kg4 75. Rg2 Kf3 76. Rg1 g2 77. Re1 Ra3+ 78. Kc4 g5 79.
Kd5 Rc3 80. Ke5 g4 81. Kd5 Rd3+ 82. Kc4 Rd4+ 83. Bxd4 Nxd4 84. Kxd4 Kf2 85. Rb1
g1=Q 86. Rxg1 Kxg1 87. Kc5 g3 88. Kb6 g2 89. Kxa6 Kf2 90. Kb7 g1=Q 91. a6 Qg7+
92. Kb8 Qf8+ 93. Kb7 Qe7+ 94. Kb8 Qd8+ 95. Kb7 Qd7+ 96. Kb8 Qb5+ 97. Ka7 Ke3
0-1

[Event "SERBIA CHESS OPEN 2021 – MASTERS"]
[Site "Belgrade, Hotel Metropol"]
[Date "2021.07.06"]
[Round "6.52"]
[White "Cvitan, Ena"]
[Black "Babazada, Khazar"]
[Result "0-1"]
[WhiteElo "2255"]
[BlackElo "2409"]
[PlyCount "90"]
[EventDate "2021.??.??"]

1. d4 Nf6 2. c4 e6 3. Nc3 Bb4 4. e3 O-O 5. Bd3 Bxc3+ 6. bxc3 d6 7. e4 e5 8. Ne2
Re8 9. f3 Nc6 10. O-O h6 11. Be3 b6 12. c5 dxc5 13. dxc5 Qe7 14. Qa4 Bd7 15.
Qa3 Red8 16. Rfd1 Na5 17. c4 Be6 18. Qc3 Nd7 19. Nc1 Nxc5 20. Nb3 Nxd3 21. Nxa5
Nf4 22. Nc6 Rxd1+ 23. Rxd1 Ne2+ 24. Kf2 Nxc3 25. Nxe7+ Kf8 26. Rd3 Nxe4+ 27.
fxe4 Kxe7 28. c5 Bc4 29. Rd2 f6 30. Kf3 Be6 31. Rd3 b5 32. a3 a5 33. Bd2 Bc4
34. Rc3 Rd8 35. Be1 Kd7 36. Kf2 Kc6 37. Rg3 b4 38. axb4 a4 39. Rxg7 Rd4 40. Rg6
Rxe4 41. Rxf6+ Kd5 42. Bc3 a3 43. Rf5 a2 44. g4 Re2+ 45. Kf3 Re1 0-1

[Event "SERBIA CHESS OPEN 2021 – MASTERS"]
[Site "Belgrade, Hotel Metropol"]
[Date "2021.07.06"]
[Round "6.54"]
[White "Ivanovic, Marko"]
[Black "Can, Isik"]
[Result "0-1"]
[WhiteElo "2245"]
[BlackElo "2398"]
[PlyCount "76"]
[EventDate "2021.??.??"]

1. e4 c6 2. d4 d5 3. Nc3 dxe4 4. Nxe4 Bf5 5. Ng3 Bg6 6. h4 h6 7. Nf3 Nd7 8. h5
Bh7 9. Bd3 Bxd3 10. Qxd3 e6 11. Bd2 Ngf6 12. O-O-O Be7 13. Kb1 O-O 14. Ne4 c5
15. g4 Nxg4 16. Qe2 cxd4 17. Rhg1 d3 18. cxd3 f5 19. Nc3 e5 20. d4 e4 21. Ne5
Ndxe5 22. dxe5 Qd3+ 23. Qxd3 exd3 24. Rg2 Rad8 25. Bf4 Rd4 26. Be3 Nxe3 27.
fxe3 Rd7 28. Rg6 d2 29. Kc2 Rfd8 30. Rdg1 Bg5 31. e6 Rc7 32. Kd1 Bxe3 33. Rf1
f4 34. Ke2 Re7 35. Nd1 Rd6 36. Nxe3 fxe3 37. Rg3 Rdxe6 38. b4 Re5 0-1

[Event "SERBIA CHESS OPEN 2021 – MASTERS"]
[Site "Belgrade, Hotel Metropol"]
[Date "2021.07.06"]
[Round "6.55"]
[White "Radovanovic, Nikola"]
[Black "Marn, Jan"]
[Result "1-0"]
[WhiteElo "2395"]
[BlackElo "2280"]
[PlyCount "51"]
[EventDate "2021.??.??"]

1. d4 d5 2. c4 e6 3. Nf3 c6 4. Qc2 Nf6 5. g3 Bb4+ 6. Nbd2 O-O 7. Bg2 Nbd7 8.
O-O Re8 9. e4 Bxd2 10. Nxd2 Nxe4 11. Nxe4 dxe4 12. Qxe4 e5 13. Rd1 Nc5 14. Qe3
exd4 15. Rxd4 Bd7 16. Qc3 Qf6 17. Be3 Re7 18. Rad1 Rae8 19. Qa3 Qf5 20. g4 Qg6
21. Qxc5 Re5 22. Qd6 Qxd6 23. Rxd6 Bxg4 24. R1d2 f5 25. h3 Bh5 26. Rd7 1-0

[Event "SERBIA CHESS OPEN 2021 – MASTERS"]
[Site "Belgrade, Hotel Metropol"]
[Date "2021.07.06"]
[Round "6.56"]
[White "Megalios, Konstantinos"]
[Black "Brilej, Jaka"]
[Result "1/2-1/2"]
[WhiteElo "2390"]
[BlackElo "2244"]
[PlyCount "95"]
[EventDate "2021.??.??"]

1. e4 c6 2. d4 d5 3. exd5 cxd5 4. Bd3 Nc6 5. c3 Qc7 6. Ne2 Bg4 7. O-O e6 8. Qe1
Nge7 9. Na3 a6 10. Nf4 Rd8 11. Nc2 Ng6 12. f3 Nxf4 13. Bxf4 Qxf4 14. fxg4 Qc7
15. Rf3 Bd6 16. Qh4 Qe7 17. Qh5 g6 18. Qh6 Qf8 19. Qh4 Qg7 20. Raf1 Rd7 21. Ne3
h6 22. Qf2 O-O 23. Bc2 b5 24. a3 Na5 25. h4 Nc4 26. g5 Nxe3 27. Qxe3 h5 28. Rf6
Re8 29. Qh3 Bc7 30. a4 Bd8 31. axb5 Bxf6 32. gxf6 Qh6 33. bxa6 Ra8 34. Bd3 Qd2
35. Rf2 Qc1+ 36. Kh2 Rb8 37. Qg3 Rxb2 38. Rxb2 Qxb2 39. Qf4 Qb6 40. Kh3 Qd8 41.
g4 Rc7 42. a7 Rxa7 43. gxh5 Ra3 44. hxg6 Rxc3 45. Qg3 Qxf6 46. gxf7+ Kxf7 47.
Bg6+ Qxg6 48. Qxc3 1/2-1/2

[Event "SERBIA CHESS OPEN 2021 – MASTERS"]
[Site "Belgrade, Hotel Metropol"]
[Date "2021.07.06"]
[Round "6.57"]
[White "Kosmas-Lekkas, Dimitrios"]
[Black "Yankelevich, Lev"]
[Result "0-1"]
[WhiteElo "2186"]
[BlackElo "2389"]
[PlyCount "80"]
[EventDate "2021.??.??"]

1. e4 e6 2. d4 d5 3. Nc3 Bb4 4. e5 b6 5. Qg4 Bf8 6. Nf3 Ba6 7. Nb5 Qd7 8. a4
Ne7 9. Bd3 Nf5 10. Qf4 c6 11. g4 Nh6 12. Nc3 Bxd3 13. cxd3 Na6 14. Bd2 Nb4 15.
Ke2 a5 16. Qg5 Ng8 17. h4 h6 18. Qf4 h5 19. Rag1 hxg4 20. Qxg4 Qb7 21. Nd1 Qa6
22. Bxb4 axb4 23. b3 b5 24. axb5 Qxb5 25. Ne3 Nh6 26. Qf4 Ra2+ 27. Nd2 Qa6 28.
Rg2 c5 29. Rc1 Qa7 30. dxc5 Bxc5 31. Rxg7 Ra1 32. Rxa1 Qxa1 33. Nxd5 exd5 34.
Qf6 Be7 35. Qc6+ Kf8 36. Rg8+ Kxg8 37. Nf3 Qb2+ 38. Ke3 Nf5+ 39. Kf4 Qxf2 40.
Qc8+ Kg7 0-1

[Event "SERBIA CHESS OPEN 2021 – MASTERS"]
[Site "Belgrade, Hotel Metropol"]
[Date "2021.07.06"]
[Round "6.58"]
[White "Boskovic, Drasko"]
[Black "Akbas, Umut Ata"]
[Result "1/2-1/2"]
[WhiteElo "2451"]
[BlackElo "2141"]
[PlyCount "71"]
[EventDate "2021.??.??"]

1. e4 c5 2. Nf3 d6 3. Bb5+ Bd7 4. Bxd7+ Nxd7 5. O-O e6 6. b3 Ngf6 7. Qe2 Be7 8.
Bb2 O-O 9. c4 a6 10. d4 cxd4 11. Nxd4 Re8 12. Nc3 Bf8 13. Kh1 Nc5 14. f4 d5 15.
cxd5 Nfxe4 16. Nxe4 exd5 17. Nf5 Nxe4 18. Nh6+ Kh8 19. Nxf7+ Kg8 20. Ne5 Qb6
21. g3 Bd6 22. Rad1 Bxe5 23. Bxe5 Nc3 24. Qg4 Rxe5 25. fxe5 Nxd1 26. Rxd1 Rd8
27. Kg2 Rf8 28. Rd4 Qc6 29. Rf4 d4+ 30. Qf3 Qc2+ 31. Kh3 Qc8+ 32. Kg2 Qc2+ 33.
Qf2 Qc6+ 34. Qf3 Qc2+ 35. Kh3 Qc8+ 36. Kg2 1/2-1/2

[Event "SERBIA CHESS OPEN 2021 – MASTERS"]
[Site "Belgrade, Hotel Metropol"]
[Date "2021.07.06"]
[Round "6.59"]
[White "Pasti, Aron"]
[Black "Arnaudov, G. Petar"]
[Result "1-0"]
[WhiteElo "2318"]
[BlackElo "2471"]
[PlyCount "53"]
[EventDate "2021.??.??"]

1. e4 c5 2. Nf3 d6 3. d4 cxd4 4. Nxd4 Nf6 5. Nc3 g6 6. Be3 Bg7 7. f3 O-O 8. Qd2
Nc6 9. g4 Be6 10. Nxe6 fxe6 11. O-O-O Ne5 12. Be2 Rc8 13. h4 Nfd7 14. h5 Nxf3
15. Bxf3 Rxf3 16. hxg6 hxg6 17. Bd4 Bxd4 18. Qxd4 Ne5 19. Qd2 Qf8 20. Kb1 Qf4
21. Qg2 Nc4 22. Ne2 Qf6 23. Nd4 Rf2 24. Qh3 Nd2+ 25. Rxd2 Rxd2 26. Qh7+ Kf8 27.
Qh6+ 1-0

[Event "SERBIA CHESS OPEN 2021 – MASTERS"]
[Site "Belgrade, Hotel Metropol"]
[Date "2021.07.06"]
[Round "6.60"]
[White "Schreiner, Peter"]
[Black "Bodiroga, Predrag"]
[Result "1/2-1/2"]
[WhiteElo "2441"]
[BlackElo "2316"]
[PlyCount "57"]
[EventDate "2021.??.??"]

1. d4 Nf6 2. c4 e6 3. Nf3 Bb4+ 4. Bd2 Bxd2+ 5. Nbxd2 d5 6. g3 O-O 7. Bg2 Nc6 8.
O-O Qe7 9. Qc2 Rd8 10. Rfd1 Bd7 11. a3 Be8 12. Rac1 Rac8 13. e3 h6 14. cxd5
exd5 15. Qc5 Qe6 16. b4 a6 17. Ne1 b6 18. Qc3 Ne4 19. Nxe4 dxe4 20. Qc4 Qxc4
21. Rxc4 Ne5 22. Rc3 c5 23. Bxe4 cxd4 24. Rxc8 Rxc8 25. exd4 Rd8 26. Nf3 Ba4
27. Rd2 Nc4 28. Ra2 Bd1 29. Kg2 1/2-1/2

[Event "SERBIA CHESS OPEN 2021 – MASTERS"]
[Site "Belgrade, Hotel Metropol"]
[Date "2021.07.06"]
[Round "6.61"]
[White "Mohammad, Nubairshah Shaikh"]
[Black "Carnic, Srdjan"]
[Result "1-0"]
[WhiteElo "2436"]
[BlackElo "2291"]
[PlyCount "59"]
[EventDate "2021.??.??"]

1. d4 Nf6 2. c4 e6 3. Nc3 Bb4 4. Qc2 O-O 5. e4 d6 6. Bd3 Nc6 7. Nge2 Ba5 8. a3
Bb6 9. e5 dxe5 10. Bg5 h6 11. Bxf6 Qxf6 12. c5 Nxd4 13. Nxd4 exd4 14. Ne2 Ba5+
15. b4 e5 16. O-O Bxb4 17. axb4 c6 18. f4 Be6 19. Rae1 e4 20. Bxe4 Rfd8 21. f5
Bd5 22. Ng3 a5 23. Bxd5 Rxd5 24. Ne4 Qh4 25. g3 Qd8 26. f6 g5 27. Nd6 Rxd6 28.
cxd6 Qxd6 29. Qc5 Qd8 30. Re4 1-0

[Event "SERBIA CHESS OPEN 2021 – MASTERS"]
[Site "Belgrade, Hotel Metropol"]
[Date "2021.07.06"]
[Round "6.62"]
[White "Pap, Misa"]
[Black "Kalogeris, Ioannis"]
[Result "1-0"]
[WhiteElo "2431"]
[BlackElo "2307"]
[PlyCount "83"]
[EventDate "2021.??.??"]

1. e4 e5 2. Nf3 Nc6 3. Bb5 a6 4. Ba4 Nf6 5. O-O b5 6. Bb3 Bc5 7. a4 Rb8 8. c3
d6 9. d4 Bb6 10. a5 Ba7 11. Be3 exd4 12. cxd4 O-O 13. h3 Ne7 14. Nc3 Bb7 15. e5
Nfd5 16. Bg5 Qd7 17. Re1 Rbe8 18. Ne4 Ng6 19. h4 Qg4 20. Nh2 Qxd1 21. Raxd1 h6
22. Bxh6 Nxh4 23. exd6 Nxg2 24. d7 Re6 25. Bg5 Nxe1 26. Rxe1 Rg6 27. Kf1 Bxd4
28. d8=Q Rxd8 29. Bxd8 Nf4 30. Ng5 Bg2+ 31. Kg1 Nh3+ 32. Kxg2 Nxg5 33. Re8+ Kh7
34. Kf1 f5 35. Bc2 Rh6 36. Ng4 Rc6 37. Bxf5+ g6 38. Bd7 Rd6 39. Bxg5 Rxd7 40.
Nf6+ Bxf6 41. Bxf6 g5 42. Bxg5 1-0

[Event "SERBIA CHESS OPEN 2021 – MASTERS"]
[Site "Belgrade, Hotel Metropol"]
[Date "2021.07.06"]
[Round "6.63"]
[White "Czerw, Dawid"]
[Black "Subelj, Jan"]
[Result "1/2-1/2"]
[WhiteElo "2306"]
[BlackElo "2426"]
[PlyCount "34"]
[EventDate "2021.??.??"]

1. d4 d5 2. c4 c6 3. Nf3 Nf6 4. Nc3 e6 5. Qd3 dxc4 6. Qxc4 b5 7. Qd3 a6 8. e4
c5 9. dxc5 Bxc5 10. e5 Ng4 11. Qe4 Nxf2 12. Qxa8 Bd7 13. Ne4 Bc6 14. Nxc5 Bxa8
15. Kxf2 Bxf3 16. gxf3 Nc6 17. Be3 Nxe5 1/2-1/2

[Event "SERBIA CHESS OPEN 2021 – MASTERS"]
[Site "Belgrade, Hotel Metropol"]
[Date "2021.07.06"]
[Round "6.64"]
[White "Milikow, Yoav"]
[Black "Perunovic, Miodrag"]
[Result "0-1"]
[WhiteElo "2301"]
[BlackElo "2425"]
[PlyCount "122"]
[EventDate "2021.??.??"]

1. d4 Nf6 2. c4 g6 3. Nc3 Bg7 4. e4 d6 5. Be2 O-O 6. Be3 e5 7. d5 Na6 8. g4 Nc5
9. f3 h5 10. h4 a5 11. g5 Nh7 12. Nh3 Bxh3 13. Rxh3 f6 14. Qd2 fxg5 15. hxg5
Rf7 16. O-O-O Bf8 17. Rg1 Be7 18. Rh4 Qd7 19. Qe1 Raf8 20. Qg3 Kh8 21. Kc2 b6
22. b3 Nb7 23. a3 Nd8 24. Nb1 Rg7 25. f4 exf4 26. Rxf4 Rxf4 27. Bxf4 Nf7 28.
Qe3 Qd8 29. Nc3 Bxg5 30. Bxg5 Nhxg5 31. Nb5 Qe7 32. Bd3 h4 33. Nd4 Rh7 34. Nc6
Qf6 35. Rf1 Qg7 36. e5 dxe5 37. Ne7 Rh6 38. d6 cxd6 39. Qxb6 e4 40. Be2 h3 41.
c5 dxc5 42. Rh1 Qe5 43. Nxg6+ Kg7 44. Nxe5 Rxb6 45. Nc4 Rh6 46. Nxa5 Nd6 47.
Bg4 h2 48. Nc4 Nxc4 49. bxc4 Kf6 50. a4 Ke5 51. a5 Nf3 52. Bc8 Rg6 53. a6 Rg2+
54. Kb3 Rg1 55. a7 Rxh1 56. a8=Q Rb1+ 57. Kc3 Rc1+ 58. Kb2 h1=Q 59. Qb8+ Kd4
60. Qd6+ Ke3 61. Qxc5+ Ke2 0-1

[Event "SERBIA CHESS OPEN 2021 – MASTERS"]
[Site "Belgrade, Hotel Metropol"]
[Date "2021.07.06"]
[Round "6.65"]
[White "Heinemann, Josefine"]
[Black "Polschikov, Alexey"]
[Result "0-1"]
[WhiteElo "2285"]
[BlackElo "2420"]
[PlyCount "114"]
[EventDate "2021.??.??"]

1. e4 c5 2. Nf3 d6 3. d4 cxd4 4. Nxd4 Nf6 5. Nc3 a6 6. f3 e5 7. Nb3 Be6 8. Be3
h5 9. Nd5 Bxd5 10. exd5 Nbd7 11. Qd2 g6 12. O-O-O Nb6 13. Kb1 Nbxd5 14. Bg5 Be7
15. c4 Nc7 16. Bxf6 Bxf6 17. Qxd6 Be7 18. Qxd8+ Rxd8 19. Bd3 f5 20. c5 Ne6 21.
Rhe1 Bf6 22. Bc4 Ke7 23. c6 bxc6 24. Bxa6 Rxd1+ 25. Rxd1 Rd8 26. Rxd8 Kxd8 27.
Bc4 Nf4 28. g3 Nd5 29. Na5 Kc7 30. a3 h4 31. b4 h3 32. Bd3 Nc3+ 33. Kc2 Nb5 34.
Nb3 Nxa3+ 35. Kd1 Be7 36. g4 e4 37. Bf1 fxg4 38. fxg4 Bxb4 39. Bxh3 Nc4 40. Nd4
Kd6 41. Nc2 Bc5 42. Bg2 Ke5 43. h4 Nb2+ 44. Kd2 Nd3 45. h5 gxh5 46. gxh5 Be7
47. Kc3 Nf4 48. Bh1 Nxh5 49. Nd4 Bf6 50. Nxc6+ Kf4+ 51. Kc4 e3 52. Kd3 Ng3 53.
Nb4 Nxh1 54. Nd5+ Kf3 55. Nxf6 Nf2+ 56. Kc2 e2 57. Kd2 Nd3 0-1

[Event "SERBIA CHESS OPEN 2021 – MASTERS"]
[Site "Belgrade, Hotel Metropol"]
[Date "2021.07.06"]
[Round "6.67"]
[White "Peycheva, Gergana"]
[Black "Akshat, Khamparia"]
[Result "1/2-1/2"]
[WhiteElo "2280"]
[BlackElo "2406"]
[PlyCount "38"]
[EventDate "2021.??.??"]

1. d4 d5 2. c4 dxc4 3. Nf3 Nf6 4. e3 e6 5. Bxc4 c5 6. O-O a6 7. dxc5 Bxc5 8.
Qxd8+ Kxd8 9. Rd1+ Ke7 10. Be2 b5 11. Nbd2 Rd8 12. Nb3 Rxd1+ 13. Bxd1 Bd6 14.
Bd2 Ne4 15. Be1 Ra7 16. Bd2 Bb7 17. Nfd4 Ba8 18. f3 Nf6 19. e4 g6 1/2-1/2

[Event "SERBIA CHESS OPEN 2021 – MASTERS"]
[Site "Belgrade, Hotel Metropol"]
[Date "2021.07.06"]
[Round "6.68"]
[White "Savanovic, Aleksandar"]
[Black "Masic, Predrag"]
[Result "1-0"]
[WhiteElo "2406"]
[BlackElo "2268"]
[PlyCount "81"]
[EventDate "2021.??.??"]

1. e4 Nc6 2. Nf3 d6 3. d4 Nf6 4. Nc3 Bg4 5. d5 Ne5 6. Nxe5 Bxd1 7. Bb5+ c6 8.
dxc6 dxe5 9. c7+ Qd7 10. Bxd7+ Kxd7 11. Kxd1 Kxc7 12. f3 e6 13. Be3 Kc6 14. Ke2
Be7 15. Nd1 Rhd8 16. Nf2 Nd7 17. Nd3 f6 18. Rhd1 Nc5 19. Bxc5 Bxc5 20. Nxc5
Kxc5 21. Rxd8 Rxd8 22. Rd1 Rd4 23. c3 Rxd1 24. Kxd1 Kc4 25. Kc2 Kb5 26. b3 Kc5
27. Kd3 Kb5 28. a3 Kc5 29. c4 Kc6 30. Kc3 Kc5 31. b4+ Kc6 32. c5 Kb5 33. Kb3 g6
34. a4+ Kc6 35. Kc4 g5 36. g4 Kd7 37. Kb5 Kc7 38. a5 a6+ 39. Kc4 Kc6 40. b5+
axb5+ 41. Kb4 1-0

[Event "SERBIA CHESS OPEN 2021 – MASTERS"]
[Site "Belgrade, Hotel Metropol"]
[Date "2021.07.06"]
[Round "6.69"]
[White "Zivkovic, Sava"]
[Black "Fus, Jakub"]
[Result "1/2-1/2"]
[WhiteElo "2251"]
[BlackElo "2403"]
[PlyCount "110"]
[EventDate "2021.??.??"]

1. e4 e5 2. Nf3 Nc6 3. Bb5 a6 4. Ba4 g6 5. O-O Bg7 6. d4 exd4 7. Bg5 Nge7 8. c3
h6 9. Bxe7 Qxe7 10. cxd4 O-O 11. Nc3 d6 12. h3 b5 13. Bb3 Na5 14. Nd5 Qd8 15.
Rc1 c6 16. Nf4 Qf6 17. Qd2 Nxb3 18. axb3 Bb7 19. Rfe1 Rad8 20. b4 Rfe8 21. Qe3
h5 22. e5 Qf5 23. Nh4 Qg5 24. Nf3 Qe7 25. e6 Bf6 26. Qd3 Kg7 27. Rc2 Qf8 28.
Rce2 Bc8 29. d5 cxd5 30. b3 Re7 31. Qxd5 Rc7 32. exf7 Qxf7 33. Ne6+ Bxe6 34.
Rxe6 Re7 35. Nd4 Rdd7 36. R1e3 Be5 37. Rf3 Qe8 38. Kf1 Kh7 39. Rxe7+ Rxe7 40.
g3 Qd7 41. Kg2 Bg7 42. Nc6 Re1 43. Rf7 Qe8 44. Nd4 Qe4+ 45. Qxe4 Rxe4 46. Nc6
Re2 47. Ra7 d5 48. Rxa6 Rc2 49. Nd8 Bd4 50. Rd6 Rxf2+ 51. Kh1 Be5 52. Rd7+ Kg8
53. g4 Rh2+ 54. Kg1 Rxh3 55. Rxd5 Bf6 1/2-1/2

[Event "SERBIA CHESS OPEN 2021 – MASTERS"]
[Site "Belgrade, Hotel Metropol"]
[Date "2021.07.06"]
[Round "6.70"]
[White "Radisavljevic, Dalibor"]
[Black "Perez Gormaz, Matias"]
[Result "0-1"]
[WhiteElo "2186"]
[BlackElo "2400"]
[PlyCount "84"]
[EventDate "2021.??.??"]

1. e4 c5 2. Nf3 Nc6 3. d4 cxd4 4. Nxd4 g6 5. Nc3 Bg7 6. Be3 Nf6 7. Be2 O-O 8.
Nb3 d6 9. O-O a6 10. f4 b5 11. Bf3 Bb7 12. e5 dxe5 13. fxe5 Nd7 14. e6 fxe6 15.
Bg4 Rxf1+ 16. Qxf1 Nf8 17. Nc5 Qb6 18. Qf4 Ne5 19. Nxb7 Qxb7 20. Bd4 Nxg4 21.
Bxg7 Qa7+ 22. Bd4 e5 23. Qxf8+ Kxf8 24. Bxa7 Rxa7 25. a4 b4 26. Nd5 a5 27. h3
Nf6 28. Ne3 Rc7 29. Rd1 e6 30. Rd8+ Ke7 31. Rh8 e4 32. Kf2 Kd6 33. Rd8+ Ke5 34.
b3 Rc3 35. Rd2 Nd5 36. Ng4+ Kf4 37. Re2 e3+ 38. Kg1 h5 39. Nh2 Ke4 40. g3 h4
41. g4 Nf4 42. Re1 Rxc2 0-1

[Event "SERBIA CHESS OPEN 2021 – MASTERS"]
[Site "Belgrade, Hotel Metropol"]
[Date "2021.07.06"]
[Round "6.71"]
[White "Sargsyan, Anna M"]
[Black "Granovskiy, Alexandr"]
[Result "1-0"]
[WhiteElo "2397"]
[BlackElo "2255"]
[PlyCount "52"]
[EventDate "2021.??.??"]

1. e4 e5 2. Nf3 Nc6 3. Bc4 Bc5 4. c3 Nf6 5. d3 d6 6. h3 h6 7. a4 a5 8. Bb3 O-O
9. O-O Be6 10. Bc2 d5 11. exd5 Bxd5 12. Nbd2 Qb8 13. Nh4 Re8 14. Nb3 Bf8 15.
Nf5 Ne7 16. Ne3 Be6 17. f4 exf4 18. Rxf4 Ned5 19. Nxd5 Nxd5 20. Rf1 c5 21. Qf3
Ra6 22. Bd2 Rb6 23. Rae1 Qd8 24. Bc1 Rc6 25. d4 cxd4 26. Nxd4 Bc5 1-0

[Event "SERBIA CHESS OPEN 2021 – MASTERS"]
[Site "Belgrade, Hotel Metropol"]
[Date "2021.07.06"]
[Round "6.72"]
[White "Mihov, Filip"]
[Black "Milosevic, Milos"]
[Result "1/2-1/2"]
[WhiteElo "2178"]
[BlackElo "2396"]
[PlyCount "57"]
[EventDate "2021.??.??"]

1. Nf3 g6 2. g3 Bg7 3. Bg2 d5 4. c4 e6 5. O-O Ne7 6. d4 O-O 7. cxd5 exd5 8. Nc3
c6 9. Bf4 Bf5 10. b4 Nd7 11. b5 Nb6 12. bxc6 bxc6 13. Na4 h6 14. h4 Nc4 15. Ne5
Nxe5 16. dxe5 Rb8 17. Qd2 Kh7 18. Rac1 Rb5 19. Rc5 a6 20. Rfc1 Qc8 21. e3 Qb7
22. Bf1 Qa7 23. Qd4 Rxc5 24. Qxc5 Ra8 25. f3 Qb7 26. g4 Be6 27. Bd3 Bf8 28. Rb1
Qc7 29. Qb6 1/2-1/2

[Event "SERBIA CHESS OPEN 2021 – MASTERS"]
[Site "Belgrade, Hotel Metropol"]
[Date "2021.07.06"]
[Round "6.73"]
[White "Dolgun, Can"]
[Black "Salimova, Nurgyul"]
[Result "1-0"]
[WhiteElo "2133"]
[BlackElo "2395"]
[PlyCount "93"]
[EventDate "2021.??.??"]

1. e4 c6 2. d4 d5 3. Nd2 dxe4 4. Nxe4 Nf6 5. Nxf6+ exf6 6. c3 Bd6 7. Bd3 O-O 8.
Qc2 Re8+ 9. Ne2 h5 10. O-O h4 11. h3 Nd7 12. Be3 Nf8 13. Rad1 Bc7 14. c4 g6 15.
Bf4 Bxf4 16. Nxf4 Qxd4 17. Nxg6 fxg6 18. Bxg6 Qe4 19. Bxe8 Qxe8 20. Rfe1 Be6
21. Rd6 Qe7 22. Qd3 Re8 23. Rdxe6 Qxe6 24. Rxe6 Rxe6 25. Qd4 b6 26. Qxh4 Ng6
27. Qg4 Kf7 28. h4 Ne5 29. Qh5+ Kg7 30. f4 Nd3 31. f5 Re1+ 32. Kh2 Ne5 33. Kg3
Rf1 34. b3 a5 35. Qe8 Rxf5 36. Qd8 b5 37. cxb5 cxb5 38. Qxa5 Nf7 39. a4 Rd5 40.
axb5 Rd3+ 41. Kf2 Rxb3 42. b6 Ne5 43. Qa7+ Kg6 44. b7 Rb2+ 45. Kf1 Rb1+ 46. Ke2
Nd7 47. Qd4 1-0

[Event "SERBIA CHESS OPEN 2021 – MASTERS"]
[Site "Belgrade, Hotel Metropol"]
[Date "2021.07.06"]
[Round "6.74"]
[White "Arsovic, Goran"]
[Black "Juvan, Jaka"]
[Result "0-1"]
[WhiteElo "2381"]
[BlackElo "2252"]
[PlyCount "69"]
[EventDate "2021.??.??"]

1. d4 Nf6 2. Nf3 e6 3. c4 d5 4. Nc3 Bb4 5. Qb3 c5 6. dxc5 Nc6 7. Bg5 d4 8.
O-O-O h6 9. Bxf6 Qxf6 10. Nxd4 Bxc5 11. Ne4 Qf4+ 12. Qe3 Qxe3+ 13. fxe3 Bb6 14.
c5 Bc7 15. Nxc6 bxc6 16. g3 Be5 17. Nd6+ Ke7 18. Bg2 Bd7 19. Nxf7 Kxf7 20.
Rxd7+ Kf6 21. Rf1+ Kg5 22. Rff7 Rab8 23. Rb7 Rhf8 24. Rxb8 Rxb8 25. b3 a5 26.
Re7 Kf6 27. Ra7 Rb5 28. Ra6 Rxc5+ 29. Kd2 Bc3+ 30. Kd3 Bb4 31. Rxc6 Rh5 32. h3
Be1 33. a4 Ke5 34. Rc1 Bb4 35. Rc7 0-1

[Event "SERBIA CHESS OPEN 2021 – MASTERS"]
[Site "Belgrade, Hotel Metropol"]
[Date "2021.07.06"]
[Round "6.75"]
[White "Lajthajm, Borko"]
[Black "Stoinev, Metodi"]
[Result "1-0"]
[WhiteElo "2370"]
[BlackElo "2212"]
[PlyCount "157"]
[EventDate "2021.??.??"]

1. d4 Nf6 2. c4 e6 3. Nf3 d5 4. Nc3 Nbd7 5. cxd5 exd5 6. Bf4 c6 7. e3 Nh5 8.
Bg5 Be7 9. Bxe7 Qxe7 10. Qc2 g6 11. Rc1 O-O 12. Be2 Ng7 13. h4 Nf6 14. Ng5 Bf5
15. Qd1 Rae8 16. a3 h6 17. Nh3 Ne4 18. g4 Bc8 19. Nxe4 Qxe4 20. Bf3 Qe7 21. Nf4
Ne6 22. Ne2 Qf6 23. Rh3 Re7 24. Kd2 Ng7 25. Qh1 Qd6 26. Qh2 Qd8 27. Nf4 Kh7 28.
Nd3 Ne8 29. Qf4 Nd6 30. Rhh1 Kg7 31. Kc2 Ne4 32. Kb1 Qd6 33. Qxd6 Nxd6 34. Ne5
f6 35. Nd3 Be6 36. Rh2 Bg8 37. Bd1 Be6 38. Be2 Ne4 39. Rg1 Bc8 40. Nf4 Rfe8 41.
Kc1 Be6 42. Bd3 Bf7 43. Kc2 Nd6 44. b3 Rc7 45. Kb2 Rce7 46. a4 Rc7 47. Bc2 Rec8
48. Nd3 a5 49. g5 fxg5 50. hxg5 h5 51. Ne5 c5 52. f4 Be8 53. dxc5 Rxc5 54. Rd1
b5 55. Nd3 R5c7 56. axb5 Nxb5 57. f5 Nc3 58. f6+ Kg8 59. Re1 a4 60. b4 Rc4 61.
Rf1 Ne4 62. Bb1 Nc3 63. Bc2 Ne4 64. f7+ Bxf7 65. Bxa4 Nxg5 66. Rg2 Rg4 67. Rxg4
hxg4 68. Bd7 Rc4 69. b5 Rc7 70. Bc6 Nf3 71. Rc1 g3 72. b6 Rc8 73. Nf4 Rb8 74.
b7 Ne5 75. Bxd5 Bxd5 76. Rc8+ Kg7 77. Rxb8 g2 78. Rg8+ Kxg8 79. b8=Q+ 1-0

[Event "SERBIA CHESS OPEN 2021 – MASTERS"]
[Site "Belgrade, Hotel Metropol"]
[Date "2021.07.06"]
[Round "6.76"]
[White "Unat, Can Haktan"]
[Black "Risteski, Emil"]
[Result "1-0"]
[WhiteElo "2130"]
[BlackElo "2367"]
[PlyCount "109"]
[EventDate "2021.??.??"]

1. d4 Nf6 2. Nf3 g6 3. g3 Bg7 4. Bg2 O-O 5. O-O d6 6. Nc3 Nbd7 7. d5 e5 8. dxe6
fxe6 9. e4 e5 10. a4 a5 11. Nd2 Nc5 12. Re1 Be6 13. Bf1 Qd7 14. f3 Bh6 15. b3
Bh3 16. Ba3 Bxf1 17. Nxf1 Ne6 18. Qd3 Nh5 19. Re2 Rf7 20. Bc1 Bxc1 21. Rxc1
Raf8 22. Nd2 Qe7 23. Qe3 Qg5 24. Kh1 Kg7 25. Rf1 Qxe3 26. Rxe3 Nd4 27. Nb5 Ne6
28. c3 Nf6 29. Kg2 h5 30. Nc4 Ra8 31. Rc1 h4 32. Rd1 Nh5 33. Nbxd6 cxd6 34.
Rxd6 Re7 35. Rd5 Nef4+ 36. gxf4 Nxf4+ 37. Kf2 Nxd5 38. exd5 Rd8 39. d6 Re6 40.
Rd3 Kf6 41. Ke3 Kf5 42. Rd5 g5 43. h3 b6 44. b4 axb4 45. cxb4 Rd7 46. a5 bxa5
47. bxa5 Re8 48. a6 Rb8 49. Rxe5+ Kf6 50. Rc5 Ra8 51. Rc7 Re8+ 52. Kd4 Ke6 53.
Kc5 Rf8 54. Rxd7 Rf5+ 55. Kc6 1-0